Languages Most Similar to Croatian - Statistics

General Stats
  • This quiz has been taken 269 times
  • The average score is 9 of 10
Answer Stats
Index Language % Correct
2,8 Serbian
97%
10,2 Slovene
95%
5,6 Russian
94%
13,3 Slovak
92%
12,9 Czech
89%
10,7 Polish
88%
8,3 Ukrainian
87%
11,6 Bulgarian
86%
13,9 Macedonian
84%
12,4 Belarusian
75%
No matching quizzes found
Score Distribution
Percent of People with Each Score
Percentile by Number Answered
Your Score History
You have not taken this quiz